Range of Hevea brasiliensis pollen dispersal estimated by esterase isozyme markers (Record no. 66312)

MARC details
000 -LEADER
fixed length control field 01171nam a2200193Ia 4500
100 ## - MAIN ENTRY--AUTHOR NAME
Personal name Yeang Hoong Yeet
245 #0 - TITLE STATEMENT
Title Range of Hevea brasiliensis pollen dispersal estimated by esterase isozyme markers
260 ## - PUBLICATION, DISTRIBUTION, ETC. (IMPRINT)
Name of publisher Annals of Botany
Year of publication 1999
300 ## - PHYSICAL DESCRIPTION
Number of Pages 681-684
520 ## - SUMMARY, ETC.
Summary, etc A study was carried out to estimate the distance Hevea brasiliensis pollen could be dispersed under natural conditions. Seeds were collected at varying distances from the boundary between two adjacent fields that were each planted with a pure stand of a genetic clone. Esterase isozyme markers were used to determine if the seeds had been derived from self- or cross-pollination. The incidence of cross-pollination was then examined in relation to the distance from the inter-clonal boundary. A logarithmic model gave the best fit (r2 = 0.864) and suggested that pollen could travel distances in the order of 0.3 to 1.1 km.
650 ## - SUBJECT ADDED ENTRY--TOPICAL TERM
Topical Term Cross-pollination
650 ## - SUBJECT ADDED ENTRY--TOPICAL TERM
Topical Term Esterase isozymes
650 ## - SUBJECT ADDED ENTRY--TOPICAL TERM
Topical Term Hevea brasiliensis
650 ## - SUBJECT ADDED ENTRY--TOPICAL TERM
Topical Term Pollen dispersal
650 ## - SUBJECT ADDED ENTRY--TOPICAL TERM
Topical Term Self-pollination
700 ## - ADDED ENTRY--PERSONAL NAME
Personal name Chevallier Marie-Helene
942 ## - ADDED ENTRY ELEMENTS (KOHA)
Koha item type Journals
Holdings
Withdrawn status Lost status Damaged status Not for loan Home library Current library Shelving location Date acquired Serial Enumeration / chronology Koha item type
      Journals RRII Library RRII Library Botany 17/12/2021 Volume 84, Issue 5 Journals